|
|
|
|
| LEADER |
00608nam a22001577a 4500 |
| 008 |
130709b xxu||||| |||| 00| 0 eng d |
| 999 |
|
|
|c 920
|d 920
|
| 020 |
|
|
|a 9788126124336
|
| 082 |
|
|
|a 070.4
|b KUN
|
| 100 |
|
|
|a Kundra, Shipra
|
| 245 |
|
|
|a Fundamentals of journalism :
|b for degree/P.G. diploma courses in journalism and media communication /
|c Shipra Kundra
|
| 260 |
|
|
|a New Delhi :
|b Anmol Publication,
|c 2005.
|
| 300 |
|
|
|a 328p.
|
| 650 |
|
|
|a Journalism
|
| 942 |
|
|
|2 ddc
|c BK
|
| 952 |
|
|
|0 0
|1 0
|2 ddc
|4 0
|6 070_400000000000000_KUN
|7 0
|9 934
|a MAIN
|b MAIN
|d 2013-07-09
|g 600.00
|l 6
|o 070.4 KUN
|p 1083
|r 2018-01-15
|s 2017-12-22
|w 2013-07-09
|y BK
|